000 00635cam a22002173a 4500
001 36921
003 PGUSA
005 20140828083816.0
008 110731s2011||||xxu|||||s|||||000 | eng d
040 _aPGUSA
_beng
042 _adc
100 1 _aAthenæus
245 1 4 _aThe Deipnosophists, or Banquet of the Learned of Athenæus
_h[electronic resource] /
_cAthenæus
260 _bProject Gutenberg,
_c2011
506 _aPublic domain in the USA.
516 _aElectronic text
700 1 _aYonge, Charles Duke,
_d1812-1891
830 0 _aProject Gutenberg
_v36921
856 4 0 _uhttp://www.gutenberg.org/ebooks/36921
942 _cEB
999 _c266176
_d266176